00293nam a22000977a 4500008004100000050003100041245004300072260003800115300002200153500002000175161212b xxu||||| |||| 00| 0 eng d aJX1977.A37 Y4(1970 vol.24) aYearbook of the United Nations 1970. / aNew York:bUnited Nations,c1972. axi,1177p.:e25cm. aIncludes index.